| 000 | 00609nam a2200193Ia 4500 | ||
|---|---|---|---|
| 003 | GCL | ||
| 008 | 140319s9999 xx 000 0 ara d | ||
| 040 |
_aGCL / _cGCL |
||
| 082 | 0 | 4 |
_aق _b630.962 _bس ا |
| 100 | 1 | _aسيد مرعى | |
| 245 | 1 | 0 |
_aانجازات القطاع الزراعى بعد العدوان / _cسيد مرعى |
| 300 | _a56 ص | ||
| 490 |
_aاخترنا للفلاح _v0 |
||
| 650 | 0 | 4 | _aالثروة الحيوانية |
| 650 | 0 | 4 | _aالزراعة - مصر |
| 650 | 0 | 4 | _aالاصلاح الزراعى - مصر |
| 650 | 0 | 4 | _aمصر - الانتاج الزراعى |
| 942 |
_2ddc _cBK |
||
| 999 |
_c51652 _d51652 |
||